MARC

LEADER 00000nam0a2200000 4500
001 64066
005 20231031065324.0
010 |a 5724505118 
035 |a (RuTPU)RU\TPU\book\67978 
090 |a 64066 
100 |a 20040525d1990 m y0rusy50 ca 
101 0 |a rus 
102 |a RU 
105 |a a j 001zy 
200 1 |a Химия нефти  |e руководство к лабораторным занятиям  |f И. Н. Дияров [и др.] 
210 |a Ленинград  |c Химия  |d 1990 
215 |a 239 с.  |c ил. 
225 1 |a Для высшей школы 
320 |a Библиогр.: с. 238. 
606 1 |a Нефть  |x Химия  |2 stltpush  |3 (RuTPU)RU\TPU\subj\33709 
610 1 |a свойства 
610 1 |a состав 
610 1 |a исследование 
610 1 |a методы 
610 1 |a учебные пособия 
675 |a 665.65(076.5)  |v 3 
701 1 |a Дияров  |b И. Н.  |g Ирик Нурмухаметович 
701 1 |a Батуева  |b И. Ю.  |g Ия Юрьевна 
701 1 |a Садыков  |b А. Н.  |g Асгат Набиевич 
701 1 |a Солодова  |b Н. Л.  |g Наталья Львовна 
801 1 |a RU  |b 63413507  |c 20040525  |g PSBO 
801 2 |a RU  |b 63413507  |c 20201022  |g PSBO 
900 |a Теоретические основы химической технологии топлива и углеродных материалов 
900 |a Химия нефти и газа 
942 |c BK 
951 |a 510500  |b 250000